000 00563nam a2200145Ia 4500
008 151213s9999 xx 000 0 und d
100 _aবেগম রাজিয়া হোসাইন।
245 _aরোদ্দর হেঁটে যায় অন্ধকারে।
_cবেগম রাজিয়া হোসাইন।
260 _aঢাকা
_bশিল্পতরু।
_c1997
300 _a8723 p.
650 _aBangla
650 _aগল্প
700 _aবেগম রাজিয়া হোসাইন।
999 _c4509
_d4509